000 01086cam a22003257a 4500
003 CHAP
005 20220329143025.0
008 050831d2004 es ad r 00010 spa d
010 _a90827
011 _a91799
020 _a8478290680
035 _a102362
040 _cCHAP
082 0 4 _a541.369
_bC7 2004
100 0 0 _aCriado-Sancho, Manuel.
_928926
245 1 0 _aTermodinámica química y de los procesos irreversibles
_c/por Manuel Criado-Sancho y José Casas-Vázquez
250 _a2 ed.
260 _aMadrid :
_bPearson Educación,
_cc.2004
300 _a637 p. :
_bilus. ; gráfs. ; tablas ; diagramas
590 _aBATCH-UPD
_b10
_c20130110
_lUCH01
_h0519
590 _aBATCH-UPD
_b10
_c20130410
_lUCH01
_h0158
590 _aBATCH-UPD
_b10
_c20130914
_lUCH01
_h0855
590 _aCONVERSION
_b10
_c20130109
_lUCH01
_h1350
650 1 4 _aTermodinámica.
_9112366
700 0 _aCasas-Vázquez, José.
_919793
901 _aBK
905 _aMarco A. Mendoza T.
942 _cLIBRO
949 _a541.369 C7 2004
_bBC
_cLIBRO
_d33724000976981
_eLIBRO
_gI.c/e
_h106726
_i102362
_si
_t$275.00
999 _c90827
_d90827